Представление документа в формате RUSMARC

ПолеНазваниеЗначение
  Тип записи a
  Библиографический уровень m
001 Контрольный номер RU/IS/BASE/282134900
005 Дата корректировки 20201206204616.5
010 Индекс ISBN __
a ISBN 978-5-699-26640-1 (В пер.)
d Цена 425-37
100 Данные общей обработки __
a Данные общей обработки 19080607d2008 |||y1rusy0189 ca
101 Язык документа __
a Язык текста rus
c Язык оригинала rus
102 Страна публикации __
a Страна публикации ru
105 Кодированные данные (монография) __
a Кодированные данные (монография) y zzzz000zy
200 Заглавие и сведения об ответственности 0_
a Заглавие История военного искусства
f Первые сведения об ответственности Н. П. Михневич
b Общее обозначение материала Текст
210 Выходные данные __
a Место издания М.
c Издательство Эксмо
d Дата издания 2008
215 Физическое описание __
a Объем 446, [1] с.
c Иллюстрации/тип воспроизводства ил.
300 Общие примечания __
a Общие примечания На обл. авт. не указ.
330 Аннотация __
a Аннотация Военная история стала отдельной отраслью знаний только в конце XIX века. К тому времени человечество уже накопило огромный ратный опыт, далеко продвинув практику военного искусства. Увлекательно рассказывается о главных событиях, с изучением которых тесно связано "воспитание чувств" настоящего мужчины.
600 Персоналии __
a Персоналии (Фамилия) Александр Македонский
600 Персоналии __
a Персоналии (Фамилия) Ганнибал
600 Персоналии __
a Персоналии (Фамилия) Юлий Цезарь
600 Персоналии __
a Персоналии (Фамилия) Гай Юлий Цезарь
600 Персоналии __
a Персоналии (Фамилия) Густав Адольф
600 Персоналии __
a Персоналии (Фамилия) Людовик
600 Персоналии __
a Персоналии (Фамилия) Петр Великий
600 Персоналии __
a Персоналии (Фамилия) Петр
600 Персоналии __
a Персоналии (Фамилия) Наполеон Бонапарт
606 Тематические рубрики __
a Основная рубрика Военное дело
606 Тематические рубрики __
a Основная рубрика Военно-историческая наука
y Географическая подрубрика Древняя Греция; Древний Рим; Персия; Спарта; Сирия; Древний Египет
610 Ключевые слова __
a Ключевые слова войны; история военного искусства; история войн; персоналии; военачальники; греко-персидские войны; Пелопоннесская война; военные кампании; Македонская война; сражения; битвы; военное искусство; военная тактика; военная стратегия; крестовые походы; огнестрельное оружие; пехота; пехотное оружие; артиллерия; артиллерийское вооружение; артиллерийское оружие; кавалерия; вооруженные силы; войска; осада; завоевательные войны; завоевательные походы; военные операции; армия; семилетняя война; гвардия; Тридцатилетняя война; Пунические войны
686 Индексы других классификаций __
a Классификационный индекс 68.35(0)
700 Автор _1
a Фамилия Михневич
b Имя Н. П.
g Полное личное имя Николай Петрович
4 Код отношения 070
801 Источник записи _0
a Страна ru
b Организация Муниципальное бюджетное учреждение культуры "Централизованная библиотечная система" г. Сургут (Центральная городская библиотека им. А. С. Пушкина)
c Дата составления 20080607
g Правила каталогизации КиК/Поспелова
801 Источник записи _1
a Страна ru
b Организация Муниципальное бюджетное учреждение культуры "Централизованная библиотечная система" г. Сургут (Центральная городская библиотека им. А. С. Пушкина)
c Дата составления 20080607
g Правила каталогизации КиК/Поспелова
852 Данные о местонахождении __
j Шифр хранения 68.35(0)
c Каталожный индекс 68.35(0)
i Авторский знак М 69
901 Тип документа __
t Тип документа m
903 Характеристики (МАРС) __
a Дата передачи 20081209
990 Данные о заказе (DOS) __
j Количество экземпляров (DOS) 1
t N записи в КСУ для И/У (DOS) 200901